Najczęściej obchodzone imieniny - Statystyki

Ogólne statystyki
  • Ten quiz został rozwiązany 70 razy
  • Średni wynik to 4 z 11
Statystyki odpowiedzi
Liczba imienin
w ciągu roku
Imię % Poprawnych
42 Jan
82%
27 Maria
82%
34 Piotr
69%
19 Paweł
64%
15 Andrzej
44%
18 Franciszek
24%
18 Antoni
22%
15 Aleksander
15%
17 Teodor
2%
12 Dionizy
0%
16 Feliks
0%
Nie znaleziono quizów pasujących do podanych kryteriów
Rozkład punktacji
Procent ludzi z każdym wynikiem
Percentyl według liczby udzielonych odpowiedzi
Twoja historia wyników
Nie rozwiązałeś tego quizu